000
00316nam a2200121Ia 4500
008
191201s2005 xx 000 0 und d
100
_a
SIDDIQUI, Moid
245
0
_a
Corporate Soul The Monk Within the Manager
260
_a
N.Delhi
_b
Response Books
_c
2005
300
_a
300
650
_a
General Books
942
_2
ddc
_c
BK
999
_c
1766
_d
1766